Tous les joueurs élus Homme du match lors d'une finale de LDC - Statistiques

Statistiques générales
  • Ce quiz a été pris 204 fois
    71 depuis la dernière actualisation
  • Le résultat moyen est 22 sur 27
Statistiques - réponses
Année Joueurs Club Nationalité % Correct
2026 Vitinha Paris Saint-Germain Portugais
100%
2025 Désiré Doué Paris Saint-Germain Français
98%
2017 Cristiano Ronaldo Real Madrid Portugais
97%
2018 Gareth Bale Real Madrid Gallois
97%
2011 Lionel Messi FC Barcelone Argentin
97%
2012 Didier Drogba Chelsea FC Ivoirien
95%
2021 N'Golo Kanté Chelsea FC Français
95%
2001 Oliver Kahn Bayern Munich Allemand
95%
2023 Rodri Manchester City Espagnol
95%
2022 Thibaut Courtois Real Madrid Belge
95%
2019 Virgil Van Dijk Liverpool Néerlandais
94%
2024 Dani Carvajal Real Madrid Espagnol
92%
2020 Kingsley Coman Bayern Munich Français
92%
2015 Andres Iniesta FC Barcelone Espagnol
89%
2006 Samuel Eto'o FC Barcelone Camerounais
89%
2013 Arjen Robben Bayern Munich Néerlandais
86%
2002 Zinedine Zidane Real Madrid Français
86%
2014 Angel Di Maria Real Madrid Argentin
84%
2016 Sergio Ramos Real Madrid Espagnol
84%
2009 Xavi Hernandez FC Barcelone Espagnol
84%
2003 Paolo Maldini AC Milan Italien
75%
2005 Steven Gerrard Liverpool FC Britannique
72%
2010 Diego Milito Inter Milan Argentin
66%
2004 Deco FC Porto Portugais
56%
2008 Edwin Van der Sar Manchester United Néerlandais
52%
2007 Filippo Inzaghi AC Milan Italien
48%
2000 Steve McManaman Real Madrid Britannique
19%
Aucun quiz correspondant
Distribution des résultats
% des personnes avec chaque résultat
Percentile par nombre de réponses
Votre historique - résultats
Vous n’avez pas pris ce quiz depuis la dernière actualisation